000 00637nam a2200193Ii 4500
003 JO-AjNU
008 230605s9999||||xx |||||||||||||| ||und||
040 _aJO-AjNU
_bara
_erda
_cJO-AjNU
041 _aara
050 1 4 _aHD85.A5.1972
100 3 _aمحي الدين،عمرو,
_eauthor
_97454
245 0 0 _aالتنمية والتخطيط الاقتصادي
264 3 1 _aبيروت،دار النهضة العربية،1972
300 _a496ص
336 _atext
_btxt
_2rdacontent
337 _aunmediated
_bn
_2rdamedia
338 _avolume
_bnc
_2rdacarrier
650 4 _aسياسة اقتصادية- تنمية اقتصادية
_97455
999 _aA287
_c3855
_d3855